| 000 | 00746cam a2200229 4500 | ||
|---|---|---|---|
| 008 | 000000n2001 000 0 eng u | ||
| 020 | _a0102909024 | ||
| 035 | _a(Sirsi) u112357 | ||
| 050 | _a352.1 | ||
| 110 |
_aUnited Kingdom _bNational Audit Office _91350 |
||
| 245 | _aPurchasing professional services. | ||
| 260 |
_aLondon _bStationery Office _c2001 |
||
| 350 | _a9.00 | ||
| 490 |
_aHCP _v400 |
||
| 520 | _aReport by the Comptroller and Auditor General HC 400 Session 2000-2001 : 25 April 2001 | ||
| 650 | _aProcurement-old | ||
| 650 | _aPROFESSIONAL SERVICES | ||
| 650 | _aGOVERNMENT | ||
| 690 | _aBEST PRACTICE | ||
| 856 |
_uhttps://www.nao.org.uk/reports/purchasing-professional-services/ _zArchived online |
||
| 942 |
_n0 _2ddc |
||
| 999 |
_c101413 _d101413 |
||